| 000 | 00558nam a22001457a 4500 | ||
|---|---|---|---|
| 005 | 20250207083028.0 | ||
| 008 | 241106b |||||||| |||| 00| 0 eng d | ||
| 100 |
_aPaley, Matthieu. _eauthor. _963672 |
||
| 245 |
_aHunza, Pakistan : _bglacier mating ritual / _cMatthieu Paley. |
||
| 260 |
_aWashington ; _bNational Geographic Partners, LLC., _cDecember 2022. |
||
| 300 |
_avolume 241, pages 58-59, _billustration. |
||
| 500 | _aNational Geographic, v. 242, n. 12, pages 58-59, December 2022. | ||
| 700 |
_aPaley, Matthieu. _eauthor. _963671 |
||
| 942 |
_2ddc _cPER |
||
| 999 |
_c23030 _d23030 |
||